<?xml version="1.0" encoding="UTF-8"?>
<record
    xmlns:xsi="http://www.w3.org/2001/XMLSchema-instance"
    xsi:schemaLocation="http://www.loc.gov/MARC21/slim http://www.loc.gov/standards/marcxml/schema/MARC21slim.xsd"
    xmlns="http://www.loc.gov/MARC21/slim">

  <leader>00853nam a2200253 a 4500</leader>
  <controlfield tag="001">1498926</controlfield>
  <controlfield tag="003">CO-ViMGA</controlfield>
  <controlfield tag="005">20230915233614.0</controlfield>
  <controlfield tag="008">190827s2015    ck a   gr     00010 spa d</controlfield>
  <datafield tag="020" ind1=" " ind2=" ">
    <subfield code="a">9789588662770</subfield>
  </datafield>
  <datafield tag="040" ind1=" " ind2=" ">
    <subfield code="a">CO-ViMGA</subfield>
    <subfield code="b">spa</subfield>
    <subfield code="c">CO-ViMGA</subfield>
  </datafield>
  <datafield tag="082" ind1="0" ind2="4">
    <subfield code="a">398.2 </subfield>
    <subfield code="b">U74v </subfield>
    <subfield code="2">19</subfield>
  </datafield>
  <datafield tag="100" ind1="1" ind2=" ">
    <subfield code="a">Uribe, Diana, </subfield>
    <subfield code="d">1959-</subfield>
    <subfield code="9">1112</subfield>
  </datafield>
  <datafield tag="245" ind1="1" ind2="3">
    <subfield code="a">La vuelta al mundo en 25 mitos / </subfield>
    <subfield code="c">Diana Uribe ; ilustraciones Gastn&#x324; Hauviller.</subfield>
  </datafield>
  <datafield tag="246" ind1="3" ind2="1">
    <subfield code="a">La vuelta al mundo en veinticinco mitos</subfield>
  </datafield>
  <datafield tag="250" ind1=" " ind2=" ">
    <subfield code="a">Edici&#xF3;n Laura Gm&#x324;ez Gm&#x324;ez.</subfield>
  </datafield>
  <datafield tag="260" ind1=" " ind2=" ">
    <subfield code="a">Bogota :&#x300; </subfield>
    <subfield code="b">Sudamericana, </subfield>
    <subfield code="c">2015.</subfield>
  </datafield>
  <datafield tag="300" ind1=" " ind2=" ">
    <subfield code="a">74 p&#xE1;ginas : </subfield>
    <subfield code="b">ilustraciones ; </subfield>
    <subfield code="c">21 cm + </subfield>
    <subfield code="e">2 CD.</subfield>
  </datafield>
  <datafield tag="650" ind1="1" ind2="4">
    <subfield code="a">Mitolog&#xED;a.</subfield>
    <subfield code="9">1114</subfield>
  </datafield>
  <datafield tag="650" ind1="1" ind2="4">
    <subfield code="a">Mitos y leyendas.</subfield>
    <subfield code="9">1113</subfield>
  </datafield>
  <datafield tag="700" ind1="1" ind2=" ">
    <subfield code="a">Gom&#x324;ez Gom&#x324;ez, Laura, </subfield>
    <subfield code="e">editora.</subfield>
    <subfield code="9">1116</subfield>
  </datafield>
  <datafield tag="700" ind1="1" ind2=" ">
    <subfield code="a">Hauviller, Gaston, </subfield>
    <subfield code="e">ilustrador.</subfield>
    <subfield code="9">1115</subfield>
  </datafield>
  <datafield tag="942" ind1=" " ind2=" ">
    <subfield code="2">ddc</subfield>
    <subfield code="c">BK</subfield>
  </datafield>
  <datafield tag="999" ind1=" " ind2=" ">
    <subfield code="c">37360</subfield>
    <subfield code="d">37360</subfield>
  </datafield>
  <datafield tag="952" ind1=" " ind2=" ">
    <subfield code="0">0</subfield>
    <subfield code="1">0</subfield>
    <subfield code="2">ddc</subfield>
    <subfield code="4">0</subfield>
    <subfield code="7">0</subfield>
    <subfield code="8">003</subfield>
    <subfield code="a">MEVIECAR</subfield>
    <subfield code="b">MEVIECAR</subfield>
    <subfield code="d">2020-04-18</subfield>
    <subfield code="l">0</subfield>
    <subfield code="o">398.2 U74v </subfield>
    <subfield code="p">33399</subfield>
    <subfield code="r">2020-04-18 00:00:00</subfield>
    <subfield code="w">2020-04-18</subfield>
    <subfield code="y">BK</subfield>
  </datafield>
  <datafield tag="952" ind1=" " ind2=" ">
    <subfield code="0">0</subfield>
    <subfield code="1">0</subfield>
    <subfield code="2">ddc</subfield>
    <subfield code="4">0</subfield>
    <subfield code="7">0</subfield>
    <subfield code="8">003</subfield>
    <subfield code="a">MEVIECAR</subfield>
    <subfield code="b">MEVIECAR</subfield>
    <subfield code="d">2020-04-18</subfield>
    <subfield code="l">0</subfield>
    <subfield code="o">398.2 U74v </subfield>
    <subfield code="p">33400</subfield>
    <subfield code="r">2020-04-18 00:00:00</subfield>
    <subfield code="w">2020-04-18</subfield>
    <subfield code="y">BK</subfield>
  </datafield>
  <datafield tag="952" ind1=" " ind2=" ">
    <subfield code="0">0</subfield>
    <subfield code="1">0</subfield>
    <subfield code="2">ddc</subfield>
    <subfield code="4">0</subfield>
    <subfield code="7">0</subfield>
    <subfield code="8">GEN</subfield>
    <subfield code="a">MESGUARO</subfield>
    <subfield code="b">MESGUARO</subfield>
    <subfield code="c">GEN</subfield>
    <subfield code="d">2024-07-09</subfield>
    <subfield code="l">0</subfield>
    <subfield code="o">LM URI4</subfield>
    <subfield code="p">SG01936</subfield>
    <subfield code="r">2024-07-09 09:29:58</subfield>
    <subfield code="t">Ej.1</subfield>
    <subfield code="w">2024-07-09</subfield>
    <subfield code="y">DVD</subfield>
  </datafield>
</record>
